<?xml version="1.0" encoding="UTF-8"?>
<record
    xmlns:xsi="http://www.w3.org/2001/XMLSchema-instance"
    xsi:schemaLocation="http://www.loc.gov/MARC21/slim http://www.loc.gov/standards/marcxml/schema/MARC21slim.xsd"
    xmlns="http://www.loc.gov/MARC21/slim">

  <leader>02638nam a2200373 a 4500</leader>
  <controlfield tag="001">000016070</controlfield>
  <controlfield tag="003">DO-SdBNP</controlfield>
  <controlfield tag="005">20260415175501.0</controlfield>
  <controlfield tag="008">100224s2009    dr            000 0 spa d</controlfield>
  <datafield tag="020" ind1=" " ind2=" ">
    <subfield code="a">9789945856637</subfield>
  </datafield>
  <datafield tag="040" ind1=" " ind2=" ">
    <subfield code="a">DO-SdBNP</subfield>
    <subfield code="b">spa</subfield>
    <subfield code="c">BNPHU</subfield>
  </datafield>
  <datafield tag="082" ind1=" " ind2="4">
    <subfield code="a">343.04</subfield>
    <subfield code="b">R823d, 2009</subfield>
    <subfield code="2">22</subfield>
  </datafield>
  <datafield tag="100" ind1="1" ind2=" ">
    <subfield code="a">Ross Bravo, Jaime,</subfield>
    <subfield code="d">1921-</subfield>
    <subfield code="9">36039</subfield>
  </datafield>
  <datafield tag="245" ind1="1" ind2="0">
    <subfield code="a">Derecho tributario sustantivo /</subfield>
    <subfield code="c">Jaime Ross Bravo ; editor Miguel Collado ; presentaci&#xF3;n Juan Hern&#xE1;ndez, Mariano Escoto Saba ; pr&#xF3;logo Roberto Leonel Rodr&#xED;guez Estrella.</subfield>
  </datafield>
  <datafield tag="250" ind1=" " ind2=" ">
    <subfield code="a">2a ed. rev.</subfield>
  </datafield>
  <datafield tag="260" ind1=" " ind2=" ">
    <subfield code="a">Santo Domingo :</subfield>
    <subfield code="b">CAPGEFI,</subfield>
    <subfield code="c">2009.</subfield>
  </datafield>
  <datafield tag="300" ind1=" " ind2=" ">
    <subfield code="a">361 p. ;</subfield>
    <subfield code="c">23 cm.</subfield>
  </datafield>
  <datafield tag="490" ind1="1" ind2=" ">
    <subfield code="a">Publicaciones CAPGEFI</subfield>
  </datafield>
  <datafield tag="490" ind1="1" ind2=" ">
    <subfield code="a">Manuales de Finanzas P&#xFA;blicas</subfield>
    <subfield code="v">v. 18</subfield>
  </datafield>
  <datafield tag="505" ind1="1" ind2=" ">
    <subfield code="a">Cap&#xED;tulo 1: Noci&#xF3;n general de derecho tributario -- Cap&#xED;tulo 2: Autonom&#xED;a del desarrollo tributario -- Cap&#xED;tulo 3: Divisi&#xF3;n del derecho tributario -- Cap&#xED;tulo 4: Fuentes directas y supletorias del derecho tributario -- Cap&#xED;tulo 5: Codificaci&#xF3;n del derecho tributario -- Cap&#xED;tulo 6: La potestad tributaria -- Cap&#xED;tulo 7: Car&#xE1;cteres generales y obligatoriedad de la ley tributaria -- Cap&#xED;tulo 8: Vigencia de la ley tributaria en el tiempo -- Cap&#xED;tulo 9: Aplicaci&#xF3;n y extensi&#xF3;n territorial de la ley tributaria -- Cap&#xED;tulo 10: Interpretaci&#xF3;n e integraci&#xF3;n de la ley tributaria -- Cap&#xED;tulo 11: Noci&#xF3;n general de la obligaci&#xF3;n tributaria -- Cap&#xED;tulo 12: Fuentes de la obligaci&#xF3;n tributaria.</subfield>
  </datafield>
  <datafield tag="505" ind1="1" ind2=" ">
    <subfield code="a">Cap&#xED;tulo 13: Generalidades del hecho generador de la obligaci&#xF3;n tributaria -- Cap&#xED;tulo 14: Elementos del hecho generador -- Cap&#xED;tulo 15: el objeto de la obligaci&#xF3;n tributaria -- Cap&#xED;tulo 16: La causa de la obligaci&#xF3;n tributaria -- Cap&#xED;tulo 17: Los sujetos de la obligaci&#xF3;n tributaria -- Cap&#xED;tulo 18: La determinaci&#xF3;n o liquidaci&#xF3;n de la obligaci&#xF3;n tributaria -- Cap&#xED;tulo 19: Modos de extinguir las obligaciones tributarias -- Cap&#xED;tulo 20: La exenci&#xF3;n tributaria -- Cap&#xED;tulo 21: Privilegios y garant&#xED;as del cr&#xE9;dito tributario -- Ap&#xE9;ndice.</subfield>
  </datafield>
  <datafield tag="590" ind1=" " ind2=" ">
    <subfield code="a">Inventariado, 2018/VM</subfield>
  </datafield>
  <datafield tag="650" ind1=" " ind2="0">
    <subfield code="a">Impuestos </subfield>
    <subfield code="x">Leyes y legislaci&#xF3;n</subfield>
    <subfield code="9">9338</subfield>
  </datafield>
  <datafield tag="650" ind1=" " ind2="0">
    <subfield code="a">Procedimiento tributario</subfield>
    <subfield code="9">8289</subfield>
  </datafield>
  <datafield tag="700" ind1="1" ind2=" ">
    <subfield code="a">Collado, Miguel A.,</subfield>
    <subfield code="d">1954-</subfield>
    <subfield code="e">ed.</subfield>
    <subfield code="9">24696</subfield>
  </datafield>
  <datafield tag="700" ind1="1" ind2=" ">
    <subfield code="a">Hern&#xE1;ndez, Juan,</subfield>
    <subfield code="9">36041</subfield>
  </datafield>
  <datafield tag="700" ind1="1" ind2=" ">
    <subfield code="a">Escoto Saba, Mariano</subfield>
    <subfield code="9">36042</subfield>
  </datafield>
  <datafield tag="700" ind1="1" ind2=" ">
    <subfield code="a">Rodr&#xED;guez Estrella, Roberto Leonel,</subfield>
    <subfield code="e">pr&#xF3;l.</subfield>
    <subfield code="9">36043</subfield>
  </datafield>
  <datafield tag="710" ind1="1" ind2=" ">
    <subfield code="a">Centro de Capacitaci&#xF3;n en Pol&#xED;tica y Gesti&#xF3;n Fiscal</subfield>
    <subfield code="9">36044</subfield>
  </datafield>
  <datafield tag="830" ind1=" " ind2="0">
    <subfield code="a">Publicaciones CAPGEFI</subfield>
    <subfield code="9">36045</subfield>
  </datafield>
  <datafield tag="830" ind1=" " ind2="0">
    <subfield code="a">Manuales de Finanzas P&#xFA;blicas</subfield>
    <subfield code="n">no. 18</subfield>
    <subfield code="9">36046</subfield>
  </datafield>
  <datafield tag="910" ind1=" " ind2=" ">
    <subfield code="a">Validado. Control de calidad BNPHU</subfield>
  </datafield>
  <datafield tag="942" ind1=" " ind2=" ">
    <subfield code="2">ddc</subfield>
    <subfield code="c">LBS1</subfield>
  </datafield>
  <datafield tag="952" ind1=" " ind2=" ">
    <subfield code="0">0</subfield>
    <subfield code="1">0</subfield>
    <subfield code="5">4</subfield>
    <subfield code="7">0</subfield>
    <subfield code="8">DS</subfield>
    <subfield code="a">GR</subfield>
    <subfield code="b">GR</subfield>
    <subfield code="c">HD</subfield>
    <subfield code="d">2010-02-24</subfield>
    <subfield code="i">LF1</subfield>
    <subfield code="l">0</subfield>
    <subfield code="o">343.04 R823d, 2009</subfield>
    <subfield code="p">16070-30</subfield>
    <subfield code="r">2020-06-25</subfield>
    <subfield code="t">e. 3</subfield>
    <subfield code="w">2020-06-25</subfield>
    <subfield code="y">LFDS</subfield>
    <subfield code="Z">Pr&#xE9;stamo en sala</subfield>
  </datafield>
  <datafield tag="952" ind1=" " ind2=" ">
    <subfield code="0">0</subfield>
    <subfield code="1">0</subfield>
    <subfield code="7">1</subfield>
    <subfield code="8">PD</subfield>
    <subfield code="a">PD</subfield>
    <subfield code="b">PD</subfield>
    <subfield code="c">HD</subfield>
    <subfield code="d">2010-02-24</subfield>
    <subfield code="i">LF1</subfield>
    <subfield code="l">0</subfield>
    <subfield code="o">343.04 R823d, 2009</subfield>
    <subfield code="p">16070-10</subfield>
    <subfield code="r">2020-06-25</subfield>
    <subfield code="w">2020-06-25</subfield>
    <subfield code="y">LFPD</subfield>
    <subfield code="Z">No se presta</subfield>
  </datafield>
  <datafield tag="952" ind1=" " ind2=" ">
    <subfield code="0">0</subfield>
    <subfield code="1">0</subfield>
    <subfield code="7">1</subfield>
    <subfield code="8">PD</subfield>
    <subfield code="a">PD</subfield>
    <subfield code="b">PD</subfield>
    <subfield code="c">HD</subfield>
    <subfield code="d">2010-02-24</subfield>
    <subfield code="i">LF1</subfield>
    <subfield code="l">0</subfield>
    <subfield code="o">343.04 R823d, 2009</subfield>
    <subfield code="p">16070-20</subfield>
    <subfield code="r">2020-06-25</subfield>
    <subfield code="t">e. 2</subfield>
    <subfield code="w">2020-06-25</subfield>
    <subfield code="y">LFPD</subfield>
    <subfield code="Z">No se presta</subfield>
  </datafield>
  <datafield tag="999" ind1=" " ind2=" ">
    <subfield code="c">15611</subfield>
    <subfield code="d">15611</subfield>
  </datafield>
</record>
